01799nam a2200349 a 4500001000200000003000900002005001700011007001000028008003700038020001800075040002200093082003000115092000900145100003500154245015800189260004800347300005000395500007000445505037400515590002600889650001600915650003000931650003100961650004500992700002501037700004101062910002401103942001201127952014301139952015201282999001501434 DO-SdBNP20221108122418.0000014795100122s2008 dr b 000 0 spa d a9789945458008 aBPMSUbspacBPMSU a327.101 bR457n 2008 222 a b 1 aReyes Sánchez, Migueld1966-14aLas nuevas fichas del tablero internacional /cMiguel Reyes Sánchez ; presentación Arelis Peña Brito ; Prólogo Miguel Antonio Rodríguez Cabrer. aSanto Domingo :bSenderos del Mundo,c2008. axxxix, 520 p. :bil.,gráf., mapas ;c24 cm. aIncluye datos biográficos del autor en la solapa de la cubierta0 aDiplomacia 3 -- Economía y desarrollo 17 -- Globalización 51 -- Energía y medio ambiente 103 -- El mar 147 -- Migración 157 -- Seguridad y terrorismo 187 -- Organización de las Naciones Unidas 203 -- Europa 241 -- Medio Oriente 283 -- El mundo hindú y musulmán 363 -- China 397 -- Latinoamérica 415 -- Haití 453 -- Estados Unidos 479 -- Conflictos 493 6Inventariado, 2022/VM 4aDiplomacia  4aPolítica internacional  4aRelaciones internacionales 4aGlobalizaciónx Aspectos económicos.1 aPeña Brito, Arelis1 aRodríguez Cabrer, Miguel,epról. aVMateo V./Validado  2ddccBK 00102ddc4070aBPMETbBPMETd2015-03-05eAlanna Rodríguezl0oBPMSU CD 327.101 R457n 2008 pBPMSU15040267r2015-03-05w2015-03-05yBK 00102ddc40708CDaBPMETbBPMETd2015-03-05eAlanna Rodríguezl0oBPMSU CD 327.101 R457n 2008 pBPMSU24080002r2024-08-02te.2w2015-03-05yBK c7553d7553